| 000 | 00605nam a2200181Ia 4500 | ||
|---|---|---|---|
| 005 | 20250423094459.0 | ||
| 008 | 250422s9999 xx 000 0 und d | ||
| 020 | _a9780128186800 | ||
| 050 | _aTA347.A78 H46/ | ||
| 100 | _aHemmati-Sarapardeh, Abdolhossein | ||
| 245 | 0 | _aApplications of artificial intelligence techniques in the petroleum industry | |
| 260 | _aCambridge, MA, United States | ||
| 260 | _bGulf Professional Publishing | ||
| 260 | _c2023 | ||
| 300 | _a312 p | ||
| 650 | _aArtificial intelligence--Industrial applications. Petroleum industry and trade--Data processing. | ||
| 942 | _cBK | ||
| 999 |
_c27363 _d27363 |
||